000 00630nam a2200217 a 4500
001 000035468
005 20200930074350.0
008 111101s1973 sp 000 0 spa d
020 _a8421172980
040 _aDO-SdBNP
_bspa
_cBNPHU
082 _axxxx
_bxxxx
100 1 _aReynaud-Fourton, Alain
_961324
245 1 0 _aSinfonía para una masacre. :
_bAlain Reynaud-Fourton ; traducción Juan Viñoly.
260 _aBarcelona, :
_bBarral,
_c1973.
300 _a220 p. ;
_c19 cm.
490 1 _aNegra
490 1 _aPolicial
_v36
700 1 _aViñoly, Juan,
_etr.
_961325
830 0 _aNegra
_949412
830 0 _aPolicial
_n36
_961326
999 _c34959
_d34959